[Event "189th open MGU"]
[Site "Sofia"]
[Date "2017.09.09"]
[Round "2.9"]
[White "Sapareva, Magdalena"]
[Black "Ginev, Nikola"]
[Result "0-1"]
[WhiteElo "1503"]
[BlackElo "1714"]
[PlyCount "46"]
[EventDate "2017.09.09"]
[EventType "swiss"]
[EventRounds "6"]
[EventCountry "BUL"]

1. b4 a5 2. b5 c6 3. e3 ({RR} 3. a4 Nf6 ({RR} 3... cxb5 4. axb5 b6 5. e4 Bb7 6.
d3 d6 7. c4 Nf6 8. Nf3 Nbd7 9. Be2 g6 10. O-O Bg7 11. Bb2 O-O 12. Nbd2 Qc7 13.
h3 Rfd8 14. Nh2 e6 15. Ng4 Nxe4 16. Bxg7 Nxd2 17. Qxd2 Kxg7 18. Qh6+ {
Sapareva,M (1649)-Kostov,N (1945)/Sofia 2012/CBM 148 Extra/0-1 (57)}) 4. Bb2 d5
5. e3 Bf5 6. Nf3 e6 7. c4 c5 8. cxd5 exd5 9. d3 Bd6 10. Nbd2 O-O 11. Be2 Re8
12. O-O Nbd7 13. Re1 Ne5 14. Nxe5 Bxe5 15. Bxe5 Rxe5 16. d4 cxd4 17. Nf3 Re8 {
Lapshun,Y (2479)-Oms Fuentes,L (2336)/Barcelona 2007/CBM 120 Extra/1-0 (41)})
3... Nf6 ({RR} 3... e5 4. Bb2 d6 5. bxc6 bxc6 6. c4 Nf6 7. d3 Nbd7 8. Nd2 d5 9.
Ngf3 e4 10. dxe4 dxe4 11. Ne5 Bd6 12. Nxd7 Bxd7 13. Be2 Bf5 14. O-O Qb8 15. Rb1
Bxh2+ 16. Kh1 Be5 17. Ba3 Qc7 18. Qb3 {
Popper,T (2033)-Micanek,T (2088)/Pardubice 2016/EXT 2017/1/2 (58)}) 4. Nc3 $146
({RR} 4. Nf3 g6 5. Bb2 Bg7 6. c4 ({RR} 6. a4 O-O 7. d4 d5 8. Nbd2 Ne4 9. c4
Nxd2 10. Nxd2 dxc4 11. Bxc4 c5 12. Nb3 b6 13. O-O Bb7 14. Qc2 e6 15. Rad1 cxd4
16. Bxd4 Bxd4 17. Rxd4 Qg5 18. f4 Qf6 19. Rfd1 Rc8 20. Qd2 Kg7 {
Vukovic,L (1961)-Bogavac,M/Belgrade 2005/CBM 107 Extra/1-0 (46)}) 6... O-O 7.
a4 d5 ({RR} 7... cxb5 8. cxb5 d5 9. Be2 Nbd7 10. d4 Ne4 11. Qb3 Nb6 12. Nbd2
Be6 13. O-O g5 14. Rfd1 Rc8 15. Qa3 h6 16. Nxe4 dxe4 17. Nd2 Bd5 18. Rac1 Qd7
19. Nb3 Bc4 20. Nc5 Qd5 21. Bxc4 Nxc4 22. Qb3 {
Kool,G (2120)-Neukirch,D (2248)/Dresden 2004/CBM 099 Extra/1-0 (59)}) 8. d4
dxc4 9. Bxc4 cxb5 10. Bxb5 Bd7 11. Nc3 Nc6 12. O-O Nb4 13. Ba3 Bxb5 14. Nxb5
Ne4 15. Qb3 Qd5 16. Qxd5 Nxd5 17. Rfc1 Rfc8 18. Kf1 Bf8 {
Grossmann,P-Franz,G (2165)/Neutraubling 1999/EXT 2005/1/2 (31)}) 4... g6 5. a4
Bg7 6. Rb1 O-O 7. Nf3 d6 8. Be2 e5 9. O-O Re8 10. d3 Qc7 11. Ne4 d5 12. Nxf6+
Bxf6 13. b6 Qd8 14. e4 d4 15. Nd2 Be6 16. Nc4 Bxc4 17. dxc4 Nd7 18. f4 Nc5 19.
fxe5 Bxe5 20. Bf4 Nxe4 21. Rc1 Nc3 22. Qd3 Bxf4 23. Rfe1 Re3 0-1

[Event "189th open MGU"]
[Site "Sofia"]
[Date "2017.09.09"]
[Round "2.11"]
[White "Doychev, Ivan"]
[Black "Georgiev, Nikolay Zh."]
[Result "0-1"]
[WhiteElo "1188"]
[BlackElo "1572"]
[PlyCount "100"]
[EventDate "2017.09.09"]
[EventType "swiss"]
[EventRounds "6"]
[EventCountry "BUL"]

1. e4 e5 2. Nf3 Nc6 3. Bc4 Bc5 4. O-O d6 5. c3 Qf6 6. d3 Bg4 ({RR} 6... h6 7.
b4 Bb6 8. Nbd2 ({RR} 8. a4 a6 9. b5 axb5 10. Bxb5 Nge7 11. Be3 O-O 12. Bxb6
cxb6 13. Na3 Ng6 14. Nc4 Qd8 15. Qd2 Na5 16. Qe3 Nxc4 17. Bxc4 Be6 18. Bb5 Nf4
19. d4 Ng6 20. Rab1 Bd7 21. Rb4 Bxb5 22. axb5 Qc7 {
Klonov,J (1232)-Englert,L/Kouty nad Desnou 2016/CBM 174 Extra/1-0 (78)}) 8...
Nge7 9. Bb3 a6 10. Nc4 Ba7 11. Ne3 O-O 12. h3 Be6 13. Nd5 Bxd5 14. exd5 Nb8 15.
Be3 Nd7 16. Bxa7 Rxa7 17. d4 Ng6 18. Re1 Raa8 19. Qd2 Nf4 20. dxe5 Nxe5 21.
Nxe5 {Dolmatov,S (2590)-Jussupow,A (2555)/Yerevan 1982/MCL/0-1}) 7. Bg5 Qg6 8.
Nbd2 Nf6 $146 ({RR} 8... h5 9. b4 Bb6 10. a4 a5 11. Bb5 Nge7 12. Kh1 O-O 13.
Bc4 Rae8 14. Be3 Bxe3 15. fxe3 axb4 16. cxb4 Nxb4 17. Qb3 Bxf3 18. Nxf3 d5 19.
exd5 Qd6 20. e4 Rb8 21. Nxe5 Qxe5 22. Qxb4 b6 23. Qd2 {
Rosero,J (1925)-Torres Rojas,Y (2022)/Bogota 2015/CBM 166 Extra/1-0}) ({RR} 
8... Nge7 9. b4 Bb6 10. a4 a5 11. b5 Nb8 12. Kh1 Nd7 13. h3 h5 14. Qc2 f6 15.
Be3 Bxe3 16. fxe3 Qh6 17. Rae1 Nf8 18. d4 b6 19. Ba2 g5 20. c4 Bd7 21. c5 g4
22. Nh4 Qg5 23. cxb6 {
Sulskis,S (2544)-Rantanen,Y (2375)/Finland 2010/EXT 2012/1-0}) ({RR} 8... f6 9.
Bh4 Nge7 10. a4 a5 11. Qb3 O-O-O 12. Bf7 Qh6 13. Be6+ Bxe6 14. Qxe6+ Rd7 15.
Nb3 Bb6 16. d4 exd4 17. cxd4 Nxd4 18. Nbxd4 Bxd4 19. Rfd1 Bxb2 20. Rab1 Bc3 21.
Rxb7 Kxb7 22. Qxd7 Nc6 23. Rxd6 {
Kondopoulos,D (2105)-Bitsanis,P/Foivitika 2005/EXT 2007/1-0 (40)}) 9. Qb3 Bb6
10. h3 Bxh3 11. gxh3 h6 12. Bxf7+ Qxf7 13. Qxf7+ Kxf7 14. Bh4 Nh5 15. Kh1 Nf4
16. Rg1 g5 17. Bg3 Nxd3 18. Rg2 Nxb2 19. Rag1 Raf8 20. Bh4 Rhg8 21. Bxg5 hxg5
22. Nxg5+ Ke7 23. Ndf3 Nd3 24. Rf1 Nxf2+ 25. Kh2 Be3 26. Re1 Bxg5 27. Nxg5 Nd3
28. Reg1 Nf4 29. Rg4 Ne6 30. Nxe6 Rxg4 31. Rxg4 Kxe6 32. h4 Rf4 33. Rg6+ Kf7
34. Rh6 Kg7 35. Rh5 Rxe4 36. Rg5+ Kh6 37. Kg3 Re3+ 38. Kg4 Ne7 39. Rh5+ Kg7 40.
Rg5+ Kf6 41. Kh5 Rxc3 42. Kh6 e4 43. Rg4 e3 44. Re4 d5 45. Rf4+ Nf5+ 46. Kh5 e2
47. Rg4 e1=Q 48. Rg6+ Kf7 49. Kg5 Qg3+ 50. Kxf5 Rf3# 0-1

[Event "189th open MGU"]
[Site "Sofia"]
[Date "2017.09.09"]
[Round "3.5"]
[White "Gelemerov, Yane"]
[Black "Babatov, Martin"]
[Result "0-1"]
[WhiteElo "1926"]
[BlackElo "1737"]
[PlyCount "76"]
[EventDate "2017.09.09"]
[EventType "swiss"]
[EventRounds "6"]
[EventCountry "BUL"]

1. e4 c6 2. Nf3 d5 3. Nc3 dxe4 4. Nxe4 Bg4 5. Bc4 e6 6. h3 Bxf3 7. Qxf3 Nf6 8.
Nxf6+ Qxf6 9. Qxf6 gxf6 10. d4 ({RR} 10. O-O Bg7 11. f4 f5 12. a4 Nd7 13. a5 a6
14. Rb1 Nf6 15. c3 h5 16. d3 O-O-O 17. Bd2 Nd5 18. Bb3 Bf8 19. Rf3 h4 20. Bd1
Bd6 21. Be2 Rhg8 22. b4 Rg6 23. c4 Nc7 24. Be1 Be7 {
Yanofsky,D (2460)-Reilly,B/Amsterdam 1954/EXT 2001/1/2 (42)}) 10... Bd6 11. O-O
Nd7 12. a4 $146 ({RR} 12. Be3 Rg8 13. Rfe1 O-O-O 14. Bd3 f5 15. Bd2 Rg7 16. Be2
Nf6 17. Bf3 Bc7 18. c3 c5 19. Re2 cxd4 20. cxd4 Nd5 21. Rc1 Kb8 22. Ree1 Bf4
23. Rc2 Rgg8 24. Rec1 Bxd2 25. Rxd2 Rd7 26. Rc5 Nf4 {
Dansker,G-Nur,N/Bratislava 1993/TD/0-1 (65)}) 12... Rg8 13. g3 O-O-O 14. Kh2 h5
15. h4 Rg4 16. Be3 Rxh4+ 17. Kg2 Rg4 18. Be2 Rg7 19. Rh1 f5 20. Bh6 Rh7 21.
Rxh5 Nf6 22. Rh4 Ne4 23. c3 Rg8 24. Bd3 Bxg3 25. fxg3 Rxg3+ 26. Kh2 Rxd3 27.
Rg1 Rd2+ 28. Rg2 Rxg2+ 29. Kxg2 Kd7 30. Rh3 Nf6 31. Bf4 Rxh3 32. Kxh3 Ne4 33.
Kh4 c5 34. Kh5 cxd4 35. cxd4 Kc6 36. Kh6 Kd5 37. Be3 Nd6 38. Kg7 Ne4 0-1

[Event "189th open MGU"]
[Site "Sofia"]
[Date "2017.09.09"]
[Round "3.6"]
[White "Kolev, Nikola Vl."]
[Black "Mladenov, Andrey"]
[Result "1-0"]
[WhiteElo "1909"]
[BlackElo "1558"]
[PlyCount "59"]
[EventDate "2017.09.09"]
[EventType "swiss"]
[EventRounds "6"]
[EventCountry "BUL"]

1. f4 d5 2. Nf3 Nf6 3. e3 g6 4. b3 Bg7 5. Bb2 O-O 6. Nc3 ({RR} 6. d4 c5 7. Bd3
Qc7 8. c3 Ne4 9. O-O Nd6 10. Nbd2 Bf5 11. Qe2 Nd7 12. Rac1 Bxd3 13. Qxd3 b5 14.
Ne5 c4 15. Qc2 Nf6 16. Ba3 Nfe4 17. Bxd6 exd6 18. Nef3 Qc6 19. bxc4 bxc4 20.
Nxe4 dxe4 {Nothnagel,M (2249)-Levin,F (2482)/Germany 2010/EXT 2012/0-1 (53)}) (
{RR} 6. a4 c5 7. Be2 d4 8. Na3 Nd5 9. Nc4 Nc6 {
1/2 Hovsepyan,V (2092)-Stolz,M (2335)/Germany 2016/EXT 2017}) 6... Bg4 $146 ({
RR} 6... c5 7. Bd3 ({RR} 7. Ne2 Nc6 8. Ng3 d4 9. Bd3 ({RR} 9. Bb5 dxe3 10. dxe3
Qa5+ 11. c3 Qxb5 12. c4 Qa5+ 13. Nd2 Rd8 14. Qe2 Bg4 15. Qf2 Ne4 16. Ngxe4 Bxb2
17. Rd1 Bxd1 18. Kxd1 f5 19. Ng3 Rxd2+ 20. Qxd2 Rd8 21. Qxd8+ Qxd8+ 22. Kc2
Nb4+ 23. Kxb2 Qd2+ {
Macedo,R-Rezende,G (2016)/Altinopolis 2013/CBM 153 Extra/0-1}) 9... Nd5 10. O-O
dxe3 11. Bxg7 Kxg7 12. f5 e6 13. fxg6 hxg6 14. a3 e5 15. Be4 Bg4 16. h3 e2 17.
Qxe2 Nd4 18. Qc4 Be6 19. Nxd4 cxd4 20. Qe2 Nf4 21. Qf3 Rc8 {
Diano,D (2200)-Trois,F (2395)/Piriapolis 1977/MCD/0-1 (41)}) 7... Nc6 8. h3 d4
9. exd4 Nxd4 10. Nb5 Nxb5 11. Bxb5 Nh5 12. Bxg7 Kxg7 13. Qe2 Ng3 14. Qe5+ f6
15. Qxc5 Nxh1 16. g4 Ng3 17. Qe3 Qd6 18. Nh4 Qe6 19. Bd3 Qxe3+ 20. dxe3 f5 21.
O-O-O {Tsavari,H (1110)-Balaska,E (1378)/Porto Rio 2015/CBM 168 Extra/0-1 (57)}
) 7. h3 Bxf3 8. Qxf3 c6 9. g4 Ne4 10. O-O-O Nxc3 11. dxc3 Qa5 12. e4 dxe4 13.
Qxe4 e6 14. Qb4 Qxb4 15. cxb4 Bxb2+ 16. Kxb2 Na6 17. Bxa6 bxa6 18. Rd7 Rfd8 19.
Rhd1 Rxd7 20. Rxd7 Rb8 21. Kc3 Ra8 22. g5 Re8 23. Kd4 Ra8 24. c4 Kf8 25. Kc5
Ke8 26. Kxc6 Rb8 27. Rxa7 Rd8 28. Rxa6 Rd4 29. b5 Rxf4 30. b6 1-0

[Event "189th open MGU"]
[Site "Sofia"]
[Date "2017.09.09"]
[Round "3.7"]
[White "Ginev, Nikola"]
[Black "Andreev, Dobrotich"]
[Result "1-0"]
[WhiteElo "1714"]
[BlackElo "1881"]
[PlyCount "63"]
[EventDate "2017.09.09"]
[EventType "swiss"]
[EventRounds "6"]
[EventCountry "BUL"]

1. Nf3 d5 2. g3 Nf6 3. Bg2 Bf5 4. d3 c6 5. O-O e6 6. Nh4 Bg6 7. Nd2 Be7 8. e4
O-O 9. Nxg6 hxg6 10. e5 Nfd7 11. Re1 c5 12. c4 $146 ({RR} 12. Qg4 Nc6 13. Nf3
Re8 14. h4 Qc7 15. Bf4 Nd4 16. Rac1 Nxf3+ 17. Bxf3 Qb6 18. Rb1 Nf8 19. h5 Rac8
20. h6 f5 21. exf6 gxf6 22. h7+ Kxh7 23. Kg2 Bd6 24. Rh1+ Kg7 25. Bh6+ Kf7 26.
Bxf8 Bxf8 {Colin,V (2402)-Bonnaud,R (2197)/Avoine 2013/CBM 155 Extra/1-0 (83)})
12... Nb6 13. Qe2 Nc6 14. Nf3 Qc7 15. h4 Rfd8 16. Bg5 Bxg5 17. hxg5 dxc4 18.
dxc4 Nd4 19. Nxd4 Rxd4 20. b3 Rad8 21. Bf3 Rd2 22. Qe3 Qe7 23. Re2 R2d3 24. Qf4
R8d4 25. Re4 Qd7 26. Kg2 Nc8 27. Qh4 Rxe4 28. Bxe4 Rd1 29. Rxd1 Qxd1 30. Bxb7
Ne7 31. Bf3 Nf5 32. Bxd1 1-0

[Event "189th open MGU"]
[Site "Sofia"]
[Date "2017.09.09"]
[Round "3.8"]
[White "Georgiev, Nikolay Zh."]
[Black "Tsyntsarski, Boyko"]
[Result "0-1"]
[WhiteElo "1572"]
[BlackElo "1672"]
[PlyCount "42"]
[EventDate "2017.09.09"]
[EventType "swiss"]
[EventRounds "6"]
[EventCountry "BUL"]

1. e4 c5 2. Nc3 d6 3. Bc4 Nf6 4. a3 ({RR} 4. f4 e6 5. Nf3 Be7 6. O-O O-O 7. Qe1
d5 8. exd5 exd5 9. Nxd5 Nxd5 10. Bxd5 Qxd5 11. Qxe7 Nc6 12. Qg5 Bf5 13. d3 f6
14. Qg3 c4 {1/2 Minzer,C (2380)-Quiroga,F (2380)/Villa del Parque 1998/EXT 2001
}) 4... e6 5. d3 Be7 6. Ba2 $146 ({RR} 6. Be3 a6 7. Nf3 O-O 8. Qd2 b5 9. Ba2
Bb7 10. h3 Nbd7 11. Rd1 Qc7 12. Bf4 Rac8 13. b3 b4 14. Nb1 Nh5 15. Bh2 bxa3 16.
Nxa3 Qc6 17. c4 d5 18. e5 g6 19. d4 cxd4 20. Nc2 dxc4 {Padron Hernandez,O
(1016)-Perez Garcia,J (1381)/Santa Cruz de Tenerife 2016/CBM 174 Extra/0-1 (38)
}) 6... O-O 7. Qf3 Nc6 8. Nge2 Ne5 9. Qg3 Kh8 10. Bd2 b5 11. f4 Nxe4 12. Nxe4
Bh4 13. fxe5 Bxg3+ 14. N2xg3 dxe5 15. Nxc5 Qd4 16. Bb4 a5 17. Nxe6 Bxe6 18.
Bxf8 Rxf8 19. Bxe6 fxe6 20. O-O-O b4 21. a4 b3 0-1

[Event "189th open MGU"]
[Site "Sofia"]
[Date "2017.09.09"]
[Round "3.10"]
[White "Sapareva, Magdalena"]
[Black "Canadell Ruiz, Samuel Sandal"]
[Result "0-1"]
[WhiteElo "1503"]
[BlackElo "1794"]
[PlyCount "42"]
[EventDate "2017.09.09"]
[EventType "swiss"]
[EventRounds "6"]
[EventCountry "BUL"]

1. b4 Nf6 2. Bb2 d6 3. e3 e5 4. Nf3 g6 5. a3 ({RR} 5. Be2 Bg7 6. d3 O-O 7. Nbd2
Re8 ({RR} 7... b6 8. O-O Bb7 9. Ne1 Qe7 10. a4 Nbd7 11. c4 c5 12. b5 Rfe8 13.
e4 Nf8 14. Nb3 a5 15. bxa6 Bxa6 16. Nc2 Ne6 17. Qd2 Qd7 18. Ra2 Bb7 19. Rfa1
Bc6 20. a5 b5 21. cxb5 Bxb5 22. Ne3 {
Lukovski,L (1932)-Rave,A (1824)/Jerusalem 2015/CBM 166/0-1 (66)}) 8. c4 Nbd7 9.
O-O h5 10. Qc2 c6 11. Rfe1 Qe7 12. a3 Nh7 13. h3 f5 14. e4 f4 15. d4 exd4 16.
Nxd4 Ng5 17. h4 Nf7 18. N4f3 Nde5 19. Rab1 b6 {
Saradjen,J (2216)-Tratar,M (2410)/Skofja Loka 2000/CBM 079 Extra/0-1 (40)})
5... Bg7 6. d3 $146 ({RR} 6. Bc4 O-O 7. O-O e4 8. Nd4 c5 9. Ne2 Qc7 10. Ba2
Nbd7 11. Nbc3 a6 12. Ng3 Re8 13. f3 exf3 14. Qxf3 Ne5 15. Qf4 Be6 16. Bxe6 Rxe6
17. bxc5 dxc5 18. d4 cxd4 19. exd4 Qb6 20. Na4 Qa7 {
Weigel,H (1996)-Becker,M (2135)/Hamburg 2005/CBM 108 Extra/1/2 (51)}) 6... Bd7
7. Be2 a5 8. c3 O-O 9. O-O Qe7 10. Nbd2 d5 11. bxa5 Rxa5 12. Nb3 Ba4 13. Nfd2
Nbd7 14. Qe1 Raa8 15. d4 e4 16. c4 c6 17. c5 Qe6 18. Rb1 Ng4 19. h3 Nh6 20. Bc3
f5 21. Nc1 Ra7 $17 0-1

[Event "189th open MGU"]
[Site "Sofia"]
[Date "2017.09.10"]
[Round "4.1"]
[White "Krustev, Krasimir S."]
[Black "Petrov, Vladimir Ol."]
[Result "1/2-1/2"]
[WhiteElo "1970"]
[BlackElo "2028"]
[PlyCount "88"]
[EventDate "2017.09.09"]
[EventType "swiss"]
[EventRounds "6"]
[EventCountry "BUL"]

1. e4 e5 2. Nf3 Nc6 3. Bc4 Bc5 4. c3 Nf6 5. d4 exd4 6. cxd4 Bb4+ 7. Nc3 d6 8.
d5 Bxc3+ 9. bxc3 Ne7 10. Qd4 ({RR} 10. O-O O-O 11. Re1 Bg4 12. Bg5 Ng6 13. Qd4
Bxf3 14. gxf3 h6 15. Bd2 Nh5 16. Kh1 Qh4 17. Rg1 Qh3 18. Be2 Ne5 19. Bxh6 f6
20. Qe3 Kf7 21. f4 Qh4 22. fxe5 gxh6 23. Rg4 Ng3+ 24. fxg3 {
1-0 Insa Alfonso,P (2196)-Morato Tent,F (2041)/Mislata 2016/CBM 173 Extra})
10... O-O 11. O-O ({RR} 11. Bg5 Nd7 12. Bxe7 Qxe7 13. O-O f6 14. Rae1 a6 15.
Bb3 Kh8 16. Nd2 Nc5 17. f4 Bd7 18. Bc2 Rae8 19. h3 c6 20. c4 cxd5 21. cxd5 Bb5
22. Rf3 Qc7 23. Bb1 Na4 24. Rfe3 Qb6 25. Nf3 Qxd4 {
Nordenbaek,J (2252)-Glud,J (2496)/Denmark 2011/EXT 2013/1/2}) 11... Ng6 12. Bg5
a6 $146 ({RR} 12... Re8 13. Bb5 Bd7 14. Bxf6 gxf6 15. Rab1 c6 16. Bd3 c5 17.
Qe3 b6 18. Rfe1 Qe7 19. Bb5 Kg7 20. a4 Rad8 21. Nd2 Rg8 22. Nf1 Bc8 23. Ng3 Qe5
24. Rf1 Nf4 25. Qxf4 Qxc3 26. Rfc1 Qe5 27. Rb3 {
Novikov,M (2430)-Kazakov,N/Tula 2002/EXT 2010/1-0 (37)}) 13. a4 Re8 14. Bxf6
Qxf6 15. Qxf6 gxf6 16. Rfe1 Ne5 17. Nxe5 fxe5 18. Rab1 b6 19. Bd3 a5 20. Bb5
Re7 21. Re3 f5 22. exf5 Bxf5 23. Rbe1 Rf7 24. Rg3+ Kh8 25. Ree3 Raf8 26. Rgf3
Bc2 27. Rxf7 Rxf7 28. g3 Kg7 29. Kf1 Bb3 30. c4 Bd1 31. Kg2 Kh6 32. f3 Kg5 33.
Rd3 Be2 34. h4+ Kh6 35. Re3 Bd1 36. Rd3 Be2 37. Re3 Bd1 38. Rd3 Bc2 39. Rc3 Bb1
40. Rb3 Bf5 41. Re3 Kg7 42. g4 Bc8 43. Kg3 Rf4 44. Re4 Rxe4 1/2-1/2

[Event "189th open MGU"]
[Site "Sofia"]
[Date "2017.09.10"]
[Round "4.2"]
[White "Hristov, Hristo M."]
[Black "Vaklinov, Vasil"]
[Result "1/2-1/2"]
[WhiteElo "2138"]
[BlackElo "2099"]
[PlyCount "42"]
[EventDate "2017.09.09"]
[EventType "swiss"]
[EventRounds "6"]
[EventCountry "BUL"]

1. e4 c6 2. d4 Na6 3. c3 Nc7 4. Bd3 g6 5. f4 d5 6. e5 h5 7. Qc2 $146 ({RR} 7.
Nf3 Nh6 ({RR} 7... Bg4 8. Be3 Nh6 9. Nbd2 Nf5 10. Bf2 Ne6 11. h3 Nxf4 12. Bf1
Bxf3 13. Qxf3 Ne6 14. g4 Nfg7 15. Be3 Qd7 16. Bd3 hxg4 17. hxg4 Rxh1+ 18. Qxh1
g5 19. Qf3 Nf4 20. Bxf4 gxf4 21. Qxf4 O-O-O 22. O-O-O {
Dimitrijevic,A (2115)-Saric,N (2097)/Herceg Novi 2001/CBM 081 Extra/1-0 (67)})
8. Nh4 Nf5 9. Nxf5 Bxf5 10. Be3 Bxd3 11. Qxd3 e6 12. O-O Be7 13. Nd2 Kf8 14. g3
Ne8 15. h3 Ng7 16. Kg2 Qb6 17. b3 a5 18. g4 Qa6 19. c4 Bb4 20. Nf3 a4 21. a3
Be7 {Zapfl,H (2045)-Zimmermann,R (1965)/Hockenheim 1994/EXT 2003/1-0 (44)})
7... Bg7 8. Nf3 Nh6 9. Nh4 e6 10. g3 Nf5 11. Nxf5 exf5 12. h4 Bf8 13. Be3 Be7
14. Nd2 Be6 15. Nf3 Kf8 16. O-O Kg7 17. Rfd1 b5 18. b3 Qd7 19. a4 a6 20. axb5
axb5 21. b4 Rhb8 1/2-1/2

[Event "189th open MGU"]
[Site "Sofia"]
[Date "2017.09.10"]
[Round "4.4"]
[White "Babatov, Martin"]
[Black "Kolev, Nikola Vl."]
[Result "0-1"]
[WhiteElo "1737"]
[BlackElo "1909"]
[PlyCount "55"]
[EventDate "2017.09.09"]
[EventType "swiss"]
[EventRounds "6"]
[EventCountry "BUL"]

1. d4 f5 2. Nf3 Nf6 3. g3 b6 4. Bg2 Bb7 5. O-O e6 6. Bg5 ({RR} 6. b3 Be7 7. Ba3
O-O 8. Bxe7 Qxe7 9. Nfd2 Ne4 10. e3 Nxd2 11. Nxd2 Bxg2 12. Kxg2 d6 13. Qf3 Nd7
14. Qc6 Nf6 15. c4 {1/2 Binder,T (2255)-Horvath,J (2186)/Hungary 2014/EXT 2016}
) 6... h6 7. Bxf6 Qxf6 8. c4 $146 ({RR} 8. e3 g6 9. c4 d6 10. Nc3 Bg7 11. Nb5
Kd8 12. Rc1 a6 13. Nc3 Nd7 14. b4 Ke7 15. Re1 Rhd8 16. e4 Kf8 17. d5 e5 18.
exf5 gxf5 19. Nh4 a5 20. a3 axb4 21. axb4 e4 22. Ne2 Ne5 {
Sournin,V-Whitaker,N/St. Louis,MO 1929/EXT 2017/1/2 (51)}) 8... Nc6 9. Nc3
O-O-O 10. a3 g5 11. b4 g4 12. Ne5 Nxe5 13. Bxb7+ Kxb7 14. dxe5 Qxe5 15. Qb3 Bg7
16. Rfc1 h5 17. a4 h4 18. a5 hxg3 19. hxg3 f4 20. axb6 axb6 21. Nb5 Qe4 22.
Ra7+ Kb8 23. f3 Bd4+ 24. Nxd4 Qxd4+ 25. e3 fxe3 26. Rca1 e2+ 27. Kg2 e1=N+ 28.
Rxe1 0-1

[Event "189th open MGU"]
[Site "Sofia"]
[Date "2017.09.10"]
[Round "4.5"]
[White "Timev, Anzhelo"]
[Black "Ginev, Nikola"]
[Result "1-0"]
[WhiteElo "1805"]
[BlackElo "1714"]
[PlyCount "113"]
[EventDate "2017.09.09"]
[EventType "swiss"]
[EventRounds "6"]
[EventCountry "BUL"]

1. Nf3 Nf6 2. c4 d6 3. d4 g6 4. Nc3 Bg7 5. e3 O-O 6. Be2 Nbd7 7. O-O e5 8. d5
a5 9. e4 ({RR} 9. Bd2 e4 10. Nd4 Re8 11. a3 h5 12. b4 Nf8 13. bxa5 h4 14. Rb1
h3 15. g3 N8h7 16. Na2 Nd7 17. f4 exf3 18. Nxf3 Nc5 19. Nd4 Ne4 20. Be1 Bh6 21.
Nc2 Nef6 22. Rb3 Qe7 23. Qd4 Bf5 {
Kelly,L (2173)-David,A (2406)/Arad 2016/CBM 173 Extra/0-1 (36)}) ({RR} 9. a3
Nc5 10. Nd2 Nfd7 11. e4 f5 12. f3 f4 13. b3 Nf6 14. Bb2 g5 15. b4 Na6 16. Na2
h5 17. Nc1 g4 18. Nd3 Qe7 19. c5 gxf3 20. Bxf3 Ng4 21. cxd6 cxd6 22. Re1 Qg5
23. Nc4 Qg6 {
Remenyik,D (1594)-Rosol,A (1779)/Mureck 2016/CBM 174 Extra/0-1 (34)}) 9... Nc5
10. Qc2 Nh5 11. Ng5 $146 ({RR} 11. Be3 f5 ({RR} 11... Nf4 12. Bxc5 dxc5 13.
Rad1 f5 14. Bd3 Qe7 15. Rfe1 Bd7 16. Qd2 Nxd3 17. Qxd3 Qd6 18. Nb5 Bxb5 19.
cxb5 fxe4 20. Rxe4 Rf5 21. Nd2 Qf6 22. f3 Bf8 23. Nc4 Bd6 24. b6 Qf7 25. Qc3
Qg7 26. Rde1 {Ferry,R-Chaude de Silans,C/Paris 1963/EXT 2009/1-0 (62)}) 12.
Bxc5 dxc5 13. Bd3 Nf4 14. Ne2 Nxe2+ 15. Qxe2 f4 16. Qc2 Bg4 17. Be2 g5 18. Qb3
b6 19. Rad1 h5 20. Rd2 Bxf3 21. gxf3 g4 22. fxg4 hxg4 23. Bxg4 f3 24. Rd3 Qg5
25. h3 Rf4 {
Liska,J (1985)-Czarniecka,A (1411)/Liberec 2015/CBM 164 Extra/0-1 (42)}) ({RR} 
11. Ne1 Nf4 12. Bxf4 exf4 13. Nd3 Nxd3 14. Qxd3 f5 15. Bf3 g5 16. exf5 Bxf5 17.
Be4 Bxe4 18. Nxe4 b6 19. Qe2 Re8 20. Rae1 Qd7 21. b3 Qf5 22. Qd3 Kh8 23. c5 Re5
24. cxb6 Rxd5 25. Qc4 cxb6 {
Nielsen,R-Thomsen,H/Copenhagen 2000/CBM 077 Extra/1-0 (33)}) 11... Nf4 12. Bxf4
exf4 13. Nf3 f5 14. exf5 Bxf5 15. Qd2 g5 16. Nd4 Bd7 17. f3 Re8 18. Rfe1 c6 19.
Kh1 Qf6 20. Rad1 Qg6 21. Nb3 Nxb3 22. axb3 c5 23. Bd3 Bf5 24. Rxe8+ Rxe8 25.
Bxf5 Qxf5 26. Ne4 Be5 27. Qxa5 Rf8 28. Qc7 Qg6 29. Qd7 h6 30. Ra1 Rf7 31. Ra8+
Kh7 32. Qe8 h5 33. Qe6 Kh6 34. Rg8 Bg7 35. Qxg6+ Kxg6 36. Nxd6 Re7 37. Ne4 b6
38. Rb8 Bd4 39. h3 Ra7 40. Rxb6+ Kf5 41. g4+ fxg3 42. Nxg3+ Kf4 43. Ne2+ Kxf3
44. Nxd4+ cxd4 45. Rf6+ Kg3 46. Rf1 g4 47. hxg4 hxg4 48. Rd1 Kh3 49. Kg1 g3 50.
d6 Ra2 51. d7 Rxb2 52. d8=Q Rg2+ 53. Kf1 Rf2+ 54. Ke1 Kh2 55. Rd2 Kg2 56. Qxd4
Kf3 57. Rxf2+ 1-0

[Event "189th open MGU"]
[Site "Sofia"]
[Date "2017.09.10"]
[Round "4.7"]
[White "Gelemerov, Yane"]
[Black "Canadell Ruiz, Samuel Sandal"]
[Result "1-0"]
[WhiteElo "1926"]
[BlackElo "1794"]
[PlyCount "71"]
[EventDate "2017.09.09"]
[EventType "swiss"]
[EventRounds "6"]
[EventCountry "BUL"]

1. e4 d5 2. exd5 Nf6 3. Bb5+ c6 4. dxc6 Nxc6 5. Nf3 ({RR} 5. Nc3 Qb6 6. Nge2
Bd7 7. d4 O-O-O 8. O-O e6 9. a4 Bb4 10. Na2 Be7 11. c4 a6 12. c5 Qa7 13. Bd3
Nd5 14. Bd2 g5 15. Nac3 Ncb4 16. Nxd5 Nxd5 17. b4 Qb8 18. b5 axb5 19. axb5 e5 {
Matovic,M (2188)-Trajkovic,N (1543)/Stari Banovci 2016/CBM 173 Extra/1-0}) 5...
Bg4 6. O-O ({RR} 6. h3 Bh5 7. Nc3 Qc7 8. g4 Bg6 9. Qe2 O-O-O 10. d3 e6 11. Bd2
h5 12. g5 Nd7 13. O-O-O h4 14. Bxc6 bxc6 15. Rde1 Kb7 16. Ne5 Nxe5 17. Qxe5 Bd6
18. Qxg7 Ka8 19. Qd4 Rb8 20. Kb1 c5 {
Papa,S (2349)-Filipovic,B (2432)/Switzerland 2003/EXT 2004/1-0 (44)}) 6... e6
7. c3 $146 ({RR} 7. d3 Bc5 8. Bg5 O-O 9. Nc3 Nd4 10. Bc4 Nxf3+ 11. gxf3 Bh3 12.
Re1 Qb6 13. Qd2 Qc6 14. Ne4 Nxe4 15. dxe4 f6 16. Bf4 Bxf2+ 17. Qxf2 Qxc4 18.
Qg3 e5 19. Bh6 Qf7 20. Qxh3 Qg6+ 21. Kf2 Qxh6 {
Giroyan,G (1300)-Gelin,B (1610)/France 2004/EXT 2005/1-0}) 7... Qc7 8. d4 Bd6
9. h3 Bh5 10. Nbd2 Bf4 11. Be2 g5 12. Nc4 O-O-O 13. Nxg5 Rhg8 14. h4 h6 15. Nh3
Bh2+ 16. Kh1 Bg4 17. Bxg4 Rxg4 18. Qf3 Rdg8 19. Ne3 Rxh4 20. Qxf6 Rh5 21. Qf3
Rh4 22. Re1 Bd6 23. Nc4 Bg3 24. Bd2 Ne7 25. Ne5 Nf5 26. Re4 Rxe4 27. Qxe4 Bxf2
28. Bf4 Bg3 29. Rf1 Qe7 30. Kg1 Qh4 31. Nxf7 Re8 32. Qe5 Bxf4 33. Qxf4 Qh5 34.
Nd6+ Nxd6 35. Qxd6 Qe2 36. Rf7 1-0

[Event "189th open MGU"]
[Site "Sofia"]
[Date "2017.09.10"]
[Round "4.8"]
[White "Andreev, Dobrotich"]
[Black "Georgiev, Nikolay Zh."]
[Result "1-0"]
[WhiteElo "1881"]
[BlackElo "1572"]
[PlyCount "49"]
[EventDate "2017.09.09"]
[EventType "swiss"]
[EventRounds "6"]
[EventCountry "BUL"]

1. e4 e5 2. Nf3 Nc6 3. Bb5 a6 4. Bxc6 dxc6 5. Nc3 Qf6 6. d4 exd4 7. Qxd4 Qxd4
8. Nxd4 Bb4 9. Bd2 Nf6 10. f3 Ke7 11. O-O-O Be6 $146 ({RR} 11... h6 12. Rhe1
Rd8 13. Nd5+ cxd5 14. Bxb4+ Kd7 15. exd5 Re8 16. Rxe8 Nxe8 17. Re1 Nd6 18. b3
a5 19. Ba3 a4 20. Kb2 axb3 21. axb3 Ra6 22. c4 Kd8 23. Bxd6 Rxd6 24. Kc3 Bd7
25. Ra1 c6 26. dxc6 {
Acs,G (2212)-Benyei,A (1949)/Hungary 2004/EXT 2009/1-0 (34)}) 12. a3 Bc5 13.
Be3 Bb6 14. Na4 Ba7 15. Nf5+ Bxf5 16. Bxa7 Rxa7 17. exf5 Re8 18. Nc5 b6 19.
Rhe1+ Kf8 20. Ne4 Nd5 21. c4 Ne7 22. f6 Ng6 23. Ng3 Rxe1 24. Rxe1 Nf4 {
Äèàãðàììà #} 25. Re8+ $3 1-0